书目信息 |
| 题名: |
化学修饰电极的原理、制备及应用研究
|
|
| 作者: | 陈美凤 著 | |
| 分册: | ||
| 出版信息: | 延吉 延边大学出版社 2019 |
|
| 页数: | 114页 | |
| 开本: | 24cm | |
| 丛书名: | ||
| 单 册: | ||
| 中图分类: | O646.54 | |
| 科图分类: | ||
| 主题词: | 化学修饰电极--hua xue xiu shi dian ji--研究 | |
| 电子资源: | ||
| ISBN: | 978-7-5688-7055-9 | |
| 000 | 00989nam0 2200253 450 | |
| 001 | 012001001928 | |
| 005 | 20131109131655.0 | |
| 010 | @a978-7-5688-7055-9@dCNY44.00 | |
| 099 | @aCAL 012019134387 | |
| 100 | @a20191021d2019 em y0chiy50 ea | |
| 101 | 0 | @achi |
| 102 | @aCN@b220000 | |
| 105 | @aak a 000yy | |
| 106 | @ar | |
| 200 | 1 | @a化学修饰电极的原理、制备及应用研究@Ahua xue xiu shi dian ji de yuan li 、 zhi bei ji ying yong yan jiu@f陈美凤著 |
| 210 | @a延吉@c延边大学出版社@d2019 | |
| 215 | @a114页@c图@d24cm | |
| 320 | @a有书目 (第108-113页) | |
| 330 | @a本书从三个部分对化学修饰电极的相关内容进行了阐述。第一部分主要介绍化学修饰电极的发展过程、研究理论及其相关的基本概念;第二部分首先介绍化学修饰电极的制备与类型;第三部分主要介绍化学电极分析方法的应用以及其发展和前景。 | |
| 606 | 0 | @a化学修饰电极@Ahua xue xiu shi dian ji@x研究 |
| 690 | @aO646.54@v5 | |
| 701 | 0 | @a陈美凤@Achen mei feng@4著 |
| 801 | 0 | @aCN@b北京卓展@c20191020 |
| 905 | @b1199265-8@dO646.54@e44@f4 | |
| 化学修饰电极的原理、制备及应用研究/陈美凤著.-延吉:延边大学出版社,2019 |
| 114页:图;24cm |
| ISBN 978-7-5688-7055-9:CNY44.00 |
| 本书从三个部分对化学修饰电极的相关内容进行了阐述。第一部分主要介绍化学修饰电极的发展过程、研究理论及其相关的基本概念;第二部分首先介绍化学修饰电极的制备与类型;第三部分主要介绍化学电极分析方法的应用以及其发展和前景。 |
| ● |
| 相关链接 |
|
|
|
|
正题名:化学修饰电极的原理、制备及应用研究
索取号:O646.54/44
 
预约/预借
| 序号 | 登录号 | 条形码 | 馆藏地/架位号 | 状态 | 备注 |
| 1 | 1199265 | 211992655 | 第二样本阅览室/ [索取号:O646.54/44] | 在馆 | |
| 2 | 1199266 | 211992664 | 第三借阅区/ [索取号:O646.54/44] | 在馆 | |
| 3 | 1199267 | 211992673 | 第三借阅区/ [索取号:O646.54/44] | 在馆 | |
| 4 | 1199268 | 211992682 | 第三借阅区/ [索取号:O646.54/44] | 在馆 |